Los fundamentos de la libertad / (Record no. 55537)

MARC details
000 -LEADER
campo de control de longitud fija 00724cam a2200265Ia 4500
001 - NÚMERO DE CONTROL
campo de control 41036
005 - FECHA Y HORA DE LA ÚLTIMA TRANSACCIÓN
campo de control 20230410120957.0
008 - DATOS DE LONGITUD FIJA--INFORMACIÓN GENERAL
campo de control de longitud fija 841221s2006 mx 000 0 spa d
035 ## - NÚMERO DE CONTROL DEL SISTEMA
Número de control de sistema (OCoLC)ocm11522912
040 ## - FUENTE DE CATALOGACIÓN
Centro catalogador/agencia de origen GZO
Centro/agencia transcriptor GZO
Centro/agencia modificador EL$
035 ## - NÚMERO DE CONTROL DEL SISTEMA
Número de control de sistema (OCoLC)11522912
050 14 - SIGNATURA TOPOGRÁFICA DE LA BIBLIOTECA DEL CONGRESO
Número de clasificación JC585
Número de ítem .S274
090 ## - LOCALMENTE ASIGNADO TIPO-LC NÚMERO DE CLASIFICACIÓN (OCLC); NÚMERO DE CLASIFICACIÓN LOCAL (RLIN)
Número de clasificación (OCLC) (R) ; Numero de clasificación, CALL (RLIN) (NR) JC585
Número cutter local (OCLC) ; Número de libro/Signatura topográfica íntegra, CALL (RLIN) .S274
100 1# - ENTRADA PRINCIPAL--NOMBRE DE PERSONA
Nombre de persona Hayek, Friedrich A. von
Forma completa/desarrollada del nombre (Friedrich August),
Fechas asociadas al nombre 1899-1992.
245 10 - MENCIÓN DEL TÍTULO
Título Los fundamentos de la libertad /
Mención de responsabilidad, etc. Friedrich A. Hayek
260 ## - PUBLICACIÓN, DISTRIBUCIÓN, ETC.
Lugar de publicación, distribución, etc. Madrid :
Nombre del editor, distribuidor, etc. Unión Editorial,
Fecha de publicación, distribución, etc. c2006.
250 ## - MENCION DE EDICION
Mención de edición 7a. ed.
300 ## - DESCRIPCIÓN FÍSICA
Extensión 541 p.
490 0# - MENCIÓN DE SERIE
Mención de serie Clásicos de la libertad.
650 #0 - PUNTO DE ACCESO ADICIONAL DE MATERIA--TÉRMINO DE MATERIA
Término de materia o nombre geográfico como elemento de entrada Liberty.
650 #0 - PUNTO DE ACCESO ADICIONAL DE MATERIA--TÉRMINO DE MATERIA
Término de materia o nombre geográfico como elemento de entrada Democracy.
650 #4 - PUNTO DE ACCESO ADICIONAL DE MATERIA--TÉRMINO DE MATERIA
Término de materia o nombre geográfico como elemento de entrada Democracia
942 ## - ELEMENTOS DE ENTRADA SECUNDARIOS (KOHA)
Fuente del sistema de clasificación o colocación Clasificación de Library of Congress
Tipo de ítem Koha
994 ## -
-- C0
-- DRFGD
Holdings
Estatus retirado Estado de pérdida Fuente del sistema de clasificación o colocación Estado de daño No para préstamo Colección Biblioteca de origen Biblioteca actual Ubicación en estantería Fecha de adquisición Serial enumeration / chronology Signatura topográfica completa Código de barras Visto por última vez Copia número Tipo de ítem Koha
    Clasificación de Library of Congress     Ciencias Sociales Biblioteca Juan Bosch Biblioteca Juan Bosch Ciencias Sociales (3er. Piso) 10/04/2023 3 JC585 .S274 00000042157 24/10/2018 1